000 00642nam a22001937a 4500
005 20140314124838.0
010 _aENG-109461
020 _c450.00
_a9789350353769
035 _aEN-92994
037 _bDBAD/PUB
082 _a345.5406
100 _aBhat, U.L.
245 0 0 _aRelevancy, proof and evaluation of evidence in criminal cases /
_cby U.L. Bhat
260 _aDelhi
_bUniversal Law Publishing
_c2013
270 _aC-FF-1A, Dilkhus Industrial Estate, (Near Azadpur Metro Station) G.T. Karnal Road,
_bDelhi
_e110033
300 _axlv,317p.
_c24cm(pbk)
500 _aIncludes index
942 _2ddc
_cEN
_mBHA
_h345.5406
999 _c82741
_d82741